000
00278nam a2200097Ia 4500
008
200302s9999 xx 000 0 und d
100
_a
Author
245
_a
China Architecture and Rendering Year Book Office Architecture
260
_b
Design Consultont Co., Ltd.
300
_a
1833 P.,
999
_c
5165
_d
5165